Satellite - Harry Styles (All Lyrics) - Statistics

General Stats
  • This quiz has been taken 1,321 times
  • The average score is 258 of 306
Answer Stats
Satellite % Correct
Verse 1 You
98%
you?
98%
you
98%
a
97%
I
97%
for
94%
For
94%
Satellite
94%
go
93%
an
92%
in
92%
to
92%
Do
91%
me
91%
the
91%
waitin'
91%
and
90%
Chorus | Post-Chorus Spinnin'
89%
here?
88%
here
88%
pull
88%
round
88%
Am
87%
am
87%
Don't
87%
don't
87%
ya
87%
can
86%
right
86%
Bridge Right
86%
there
86%
know
85%
see
85%
that
85%
Verse 2 I'm
83%
you're
83%
lonely
82%
wanna
82%
out
81%
talk?
81%
talk
81%
down
78%
LA
78%
got
77%
new
76%
We
76%
we
76%
be
75%
Be
75%
life
75%
bothering
73%
or
71%
day
70%
Give
70%
mood
70%
two
70%
last
68%
could
67%
share
66%
Wishin'
65%
said
63%
line
62%
She
62%
drink
57%
til
55%
Then
52%
wall
51%
Intro Ooh
30%
ooh
30%
No matching quizzes found
Score Distribution
Percent of People with Each Score
Percentile by Number Answered
Your Score History
You have not taken this quiz